• 首页
  • 本馆介绍
  • 公告通知
  • 最新文献
  • 馆藏检索
  • 电子资源
  • 读者导购
  • 参考咨询
  • 我的图书馆
  • 登录
  • 详细信息显示
  • 放入我的书架
  • 预约/预借图书
  • 作者相关作品
  • 分类相关作品
  • 丛书相关作品
  • 出版社相关作品

书目信息

  • 表格格式
  • 工作单格式
  • 卡片格式
题名:
精确制导武器侵彻效应与工程防护
    
 
作者: 任辉启 编著
分册:  
出版信息: 北京   科学出版社  2016.03
页数: 520页
开本: 25cm
丛书名:
单 册:
中图分类: TJ765.3
科图分类:
主题词: 制导武器--武器效应--研究 , 制导武器--防护工程--研究
电子资源:
ISBN: 978-7-03-042965-0
000 01416nam0 2200253 450
001 521
001 01CN12394477@CSLN
005 20160905102801.31
010    @a978-7-03-042965-0@b圆脊精装@dCNY198.00
100    @a20160416d2006 em y0chiy50 ea
101 0  @achi
102    @aCN@b110000
105    @aa z 000yy
200 1  @a精确制导武器侵彻效应与工程防护@9jing que zhi dao wu qi qin che xiao ying yu gong cheng fang hu@f任辉启等编著
210    @a北京@c科学出版社@d2016.03
215    @a520页@c图@d25cm
330    @a本书在综合分析精确制导武器发展现状与趋势的基础上,对典型威胁我国人防工程的典型常规战斗部进行研究并明确了其战术技术指标。根据对现有弹体侵彻介质材料试验研究成果的研究,利用理论分析、经验分析及数值模拟相结合的方法,综合确定了精确制导武器对混凝土类介质、岩体、土壤等的侵彻破坏效应,建立了针对典型战斗部的介质材料侵彻破坏效应的实用计算方法。本书对钢筋混凝土、钢纤维混凝土的抗侵彻机理、偏航结构的遮弹机理予以了关注,指出其缩短侵彻深度、偏航的相关力学机理。根据此原理对块石混凝土、表面异形偏航板、钢管栅、钢球的抗侵彻性能进行了试验研究,随后通过理论分析指出了复合遮弹层的合理结构形式。
333    @a爆炸力及冲击动力学、防护工程、岩土工程、防灾及减灾工程等专业的师生、科研工作者及工程师
606 0  @a制导武器@x武器效应@x研究
606 0  @a制导武器@x防护工程@x研究
690    @aTJ765.3@v4
701  0 @a任辉启@9ren hui qi@4编著
801  0 @aCN@b唐山师范学院图书馆@c20160722
905    @aZUCC@dTJ765.3@e8
    
    精确制导武器侵彻效应与工程防护/任辉启等编著.-北京:科学出版社,2016.03
    520页:图;25cm
    使用对象:爆炸力及冲击动力学、防护工程、岩土工程、防灾及减灾工程等专业的师生、科研工作者及工程师
    
    ISBN 978-7-03-042965-0(圆脊精装):CNY198.00
    本书在综合分析精确制导武器发展现状与趋势的基础上,对典型威胁我国人防工程的典型常规战斗部进行研究并明确了其战术技术指标。根据对现有弹体侵彻介质材料试验研究成果的研究,利用理论分析、经验分析及数值模拟相结合的方法,综合确定了精确制导武器对混凝土类介质、岩体、土壤等的侵彻破坏效应,建立了针对典型战斗部的介质材料侵彻破坏效应的实用计算方法。本书对钢筋混凝土、钢纤维混凝土的抗侵彻机理、偏航结构的遮弹机理予以了关注,指出其缩短侵彻深度、偏航的相关力学机理。根据此原理对块石混凝土、表面异形偏航板、钢管栅、钢球的抗侵彻性能进行了试验研究,随后通过理论分析指出了复合遮弹层的合理结构形式。
●
相关链接 在E读中查询图书 在五车中查询图书 在当当中查询图书 在豆瓣中查询图书


正题名:精确制导武器侵彻效应与工程防护     索取号:TJ765.3/8         预约/预借

序号 登录号 条形码 馆藏地/架位号 状态 备注
1 902211   209022118   第二样本阅览室/ [索取号:TJ765.3/8] 在馆    
2 902212   209022127   第三借阅区/ [索取号:TJ765.3/8] 在馆    
3 902213   209022136   第三借阅区/ [索取号:TJ765.3/8] 在馆    
唐山师范学院图书馆 欢迎您!
大连网信软件有限公司© 版权所有